| 000 | 00380 a2200157 4500 | ||
|---|---|---|---|
| 003 | Nust | ||
| 005 | 20170207153528.0 | ||
| 040 | _cNust | ||
| 082 | _a891.439 | ||
| 100 | _a Tarar , Mustansar Hussain | ||
| 245 |
_aChek Chuk _c Mustansar Hussain Tarar - |
||
| 260 |
_aLahore _bSang-e-Meel _c1993 |
||
| 300 | _a310:p | ||
| 538 | _aAlmirah No.60 and Shelf No.5 | ||
| 650 | _aUrdu Literature | ||
| 942 |
_2ddc _cBK |
||
| 999 |
_c187858 _d187858 |
||